| 000 | 04334nam a22004337a 4500 | ||
|---|---|---|---|
| 001 | BRCA_8661 | ||
| 002 | W-23 | ||
| 003 | FranzMayer | ||
| 005 | 20260505164823.0 | ||
| 006 | a||||gr|||| 00| 0 | ||
| 007 | ta | ||
| 008 | 260112m18691878mx a|||gr|||| 00| 0 spa d | ||
| 040 |
_aBMFM _bspa |
||
| 041 | 1 |
_afre _hspa |
|
| 050 | 4 |
_aF1215 _b1869 .D43 |
|
| 100 | 1 |
_aCastro, Casimiro, _d(1826-1889) _eilustrador _930097 |
|
| 245 | 1 |
_aMéxico y sus alrededores. Colección de vistas monumentales, paisajes y trajes del país / _cCasimiro Castro, G. Rodriguez y Julián Campillo |
|
| 246 | 1 | 0 | _aMéxico y sus alrededores |
| 260 |
_aMéxico: _bImprenta litográfica de V. Debray, editor. Esquina del Portal del Coliseo Viejo y Callejon del Espíritu Santo, _c1869 |
||
| 300 |
_a67, [8] páginas : _blitografías ; _c45.5 x 31.5 x 3 cm |
||
| 500 | _aExiste una discrepancia entre la fecha de publicación y la fecha que figura en las tapas (1878). | ||
| 520 | 3 |
_aConsiderada una de las obras más importantes de la litografía mexicana en el siglo XIX. Presenta 48 cromolitografías que ilustran varios monumentos, paisajes, edificios y escenas de la vida cotidiana en la Ciudad de México durante la época. _bIncluye además una serie de descripciones escritas por varios intelectuales de la época (Marcos Arronis, José T. de Cuellar, Franciso Gonzalez Bocanegra, entre otros) acerca de los sitios y escénicas representados. |
|
| 563 | _aOtras referencias físicas: Encuadernación entera en tela. El papel del cuerpo del libro está formado por pulpa no identificada (química o mixta) y hecho a máquina. La parte del cuerpo que corresponde al texto presenta cinco orificios que parecen corresponder a la costura utilizada para unir los cuadernillos. También presenta restos de un endose rosa. La parte del cuerpo que corresponde a las láminas litográficas tiene un endose de color amarillo y tres soportes de costura que atraviesan el cuerpo y se unen a la tapa posterior. Soportes de las tapas de cartón. Cantos del cuerpo refinados. Texto impreso. Al parecer, las primeras hojas con el texto impreso pertenecen a una edición, mientras que la encuadernación y las láminas litográficas podrían corresponder a otra. Esto se debe a que en la tapa de la encuadernación se grabó el título junto con el año de 1878; sin embargo, en la información impresa en la portada se indica como fecha de publicación el año de 1869. Asimismo, ambas partes del ejemplar tienen características materiales distintas (color del endose y costura). | ||
| 591 | _aEstado de Conservación: Malo | ||
| 591 | _aDescripción de conservación: Lomo perdido, tapa anterior suelta, puntas semidesnudas, cuerpo dividido en dos, hojas desprendidas, roturas, dobleces y oxidación en el papel, foxing y ataque de microorganismos | ||
| 592 | _aMarcas Adicionales: Resto del título e información en portada: Dibujadas al nautral y litografiados por los artistas mexicanos C. Castro, G. Rodriguez e J. Campillo. Bajo la dirección de V. DebrayLos artículos descriptivos son de los señores: D. Marcos Arronis, D. Jose T. de Cuellar, D. Florencio M. del Castillo, D. Hilarion Fias y Soto, D. Francisco Gonzalez Bocanegra, D. J. M. Gonzalez, D. Luis G. Ortiz, D. Manuel Orozco y Berra, D. Manuel Payno, D. Anselimo de la Portilla, D. Jose Fernando Ramirez, D. Luis de la Rosa, D. Vicente Segura Argüelles, D. Francisco Zarco y D. Niceto de Zamacois. Ex libris de Franz Mayer. 48 litografías a color. Texto en español y francés en columnas paralelas. Nota manuscrita en italiano en la portada: Al ilustre [...]et al nobile amico. Modesto omaggio la ammirasione laffeto. México 28 agosto 1871 | ||
| 593 | _aLibros de viaje y de viajeros | ||
| 648 | 0 |
_aModern Period (1867–1910) _930098 |
|
| 650 | 1 | 0 |
_aMonuments _xPictorial works _zMexico _930099 |
| 650 | 1 | 0 |
_aLandscape drawing _zMexico _930100 |
| 651 | 0 |
_aMexico City (Mexico) _xDescription and travel _y19th century _930101 |
|
| 700 | 1 |
_aRodriguez, G., _eilustrador _930102 |
|
| 700 | 1 |
_aCampillo, Julián, _eilustrador _930103 |
|
| 700 | 1 |
_aDebray, Víctor _eeditor _930104 |
|
| 856 | 4 | 1 |
_qTIF//PDF _uhttps://bibliotecadigital.franzmayer.org.mx/items/c5e20be3-5953-4b6d-849b-1a72bc3b9e51 _yBiblioteca Digital Franz Mayer |
| 902 |
_aKH _aFM _aTV |
||
| 942 |
_2lcc _cB |
||
| 960 | _aCS-L3-N2 | ||
| 999 |
_c11099 _d11099 |
||